Nazwy pierwiastków od nazw geograficznych - Statystyki

Ogólne statystyki
  • Ten quiz został rozwiązany 16 razy
  • Średni wynik to 10 z 25
Statystyki odpowiedzi
Pierwiastek Pochodzenie Podpowiedź % Poprawnych
Frans Francja Kraj jedzący żabie udka
93%
Kaliforn Kalifornia Najbogatszy stan USA
86%
Skand Skandynawia Północny region Europy
86%
Moskow Moskwa Największe miasto Rosji
79%
German Niemcy Zachodni sąsiad Polski
79%
Polon Polska Odkryty przez Marię Skłodowską-Curie i jej męża Piotra
79%
Ameryk Ameryka Kontynent
71%
Ren Ren Rzeka w zachodniej Europie
71%
Nihon Japonia "Kraj kwitnącej wiśni"
64%
Darmsztadt Darmstadt Miasto w landzie Hesja
57%
Has Hesja Land w Niemczech
50%
Tenes Tennessee Stan USA
29%
Berkel Berkeley Miasto obok San Francisco
14%
Hafn Kopenhaga Po łacinie "Hafnia"
14%
Liwermor Livermore Miasto znane z żarówki "Centennial Light"
14%
Lutet Paryż Po łacinie "Lutetia"
14%
Ruten Ruś Po łacinie "Ruthenia"
14%
Dubn Dubna Rosyjskie "miasteczko naukowe"
7%
Mangan Magnezja Dawna kraina w Grecji
7%
Stront Strontian Miejscowość w północnej Szkocji
7%
Holm Sztokholm Po łacinie "Holmia"
7%
Itr Ytterby Jedna z najważniejszych kopalni w Szwecji dla chemii
7%
Erb Ytterby Jedna z najważniejszych kopalni w Szwecji dla chemii
7%
Iterb Ytterby Jedna z najważniejszych kopalni w Szwecji dla chemii
7%
Terb Ytterby Jedna z najważniejszych kopalni w Szwecji dla chemii
7%
Nie znaleziono quizów pasujących do podanych kryteriów
Rozkład punktacji
Procent ludzi z każdym wynikiem
Percentyl według liczby udzielonych odpowiedzi
Twoja historia wyników
Nie rozwiązałeś tego quizu